| 000 | 01384cam a22003857a 4500 | ||
|---|---|---|---|
| 003 | CHAP | ||
| 005 | 20220901160407.0 | ||
| 008 | 971013s1989 it r 00010 eng d | ||
| 010 | _a68603 | ||
| 011 | _a69575 | ||
| 020 | _a9250027117 | ||
| 035 | _a79052 | ||
| 040 | _cCHAP | ||
| 082 |
_a636.08 _bF3y v.70 |
||
| 110 | _aFAO | ||
| 245 | 1 | 0 |
_aSheep and goat meat production in the humid tropics of west Africa = La production de viande ovine et caprine dans les régions tropicales humides de l'Afrique de l'Ouest _c/by J.M. Timon and R.P. Baber |
| 260 |
_aRome : _bFAO, _c1989 |
||
| 300 | _a259 p. | ||
| 490 | 0 |
_aFAO. Producción y sanidad animal. Documento _v; 70 |
|
| 500 | _aEd. bilingüe: (francés, ingles) | ||
| 590 |
_aBATCH-UPD _b10 _c20130110 |
||
| 590 |
_aBATCH-UPD _b10 _c20130110 |
||
| 590 |
_aBATCH-UPD _b10 _c20130410 |
||
| 590 |
_aBATCH-UPD _b10 _c20130914 |
||
| 590 |
_aCONVERSION _b10 _c20130109 |
||
| 650 | 1 | 4 |
_aCarne de borrego _xProducción. _919122 |
| 650 | 1 | 4 |
_aCarne de cabra. _919129 |
| 700 | 0 |
_aBaber, R. P. _99247 |
|
| 700 | 0 |
_aTimon, J. M. _9113338 |
|
| 830 | 0 |
_aFAO. Producción y sanidad animal. Documento _v; 70 |
|
| 901 | _aBK | ||
| 942 |
_cLIBRO _2ddc |
||
| 949 |
_a636.08 F3y v.70 _bBC _cLIBRO _d33724002128165 _eFAO2 _fc.2 _gDonaciØn _h75737 _i79052 _sb |
||
| 949 |
_a636.08 F3y v.70 _bBC _cLIBRO _d33724002128207 _eFAO1 _gDonaciØn _h75418 _i79052 _sb |
||
| 999 |
_c68603 _d68603 |
||